[Event "It (open)"]
[Site "Gora Sw. Anny (Poland)"]
[Date "2012.01.12"]
[Round "1"]
[White "Stark Lukasz"]
[Black "Kulas Szymon (POL)"]
[Result "0-1"]
[WhiteElo "1474"]
[BlackElo "1969"]

1.d4 Nf6 2.Nf3 g6 3.g3 Bg7 4.Bg2 O-O 5.O-O c6 6.c4 d5 7.cxd5 cxd5 8.Nc3 Nc6
9.Bf4 a6 10.e3 Nh5 11.Ne5 Nxf4 12.exf4 e6 13.Re1 Qb6 14.Nxc6 bxc6 15.Qb3 Bxd4
16.Qxb6 Bxb6 17.Na4 Rb8 18.Rac1 Bd7 19.b3 Rfc8 20.Nc5 Bxc5 21.Rxc5 Rb6 22.Ra5
c5 23.Rc1 Bb5 24.a4 Bd3 25.Bf1 Bxf1 26.Kxf1 c4 27.bxc4 dxc4 28.Re5 c3 29.Ke2
Rb2+ 30.Kd3 Rxf2 31.Rxc3 Rf3+ {#R} 0-1

[Event "Ch Sweden (team) 2011/12"]
[Site "Sweden"]
[Date "2012.01.14"]
[Round "4"]
[White "Karlsson Lars (SWE)"]
[Black "Eriksson Johan (SWE)"]
[Result "0-1"]
[WhiteElo "2475"]
[BlackElo "2393"]

1.Nf3 Nf6 2.g3 g6 3.Bg2 Bg7 4.O-O O-O 5.c4 c6 6.d4 d5 7.cxd5 cxd5 8.Nc3 Ne4
9.Ne5 Nxc3 10.bxc3 Nc6 11.Nxc6 bxc6 12.Ba3 Re8 13.Qa4 Qd7 14.e4 e5 15.Rfe1 Rb8
16.f4 exd4 17.exd5 dxc3 18.Rad1 c2 19.Qxc2 cxd5 20.Qf2 d4 21.f5 Rxe1+ 22.Rxe1
gxf5 23.Qf4 Rb6 24.Re7 {#R} 0-1

[Event "It (cat.15)"]
[Site "Wijk aan Zee (Netherlands)"]
[Date "2012.01.16"]
[Round "3"]
[White "Harika Dronavalli (IND)"]
[Black "Harikrishna P (IND)"]
[Result "0-1"]
[WhiteElo "2516"]
[BlackElo "2665"]

1.Nf3 Nf6 2.g3 d5 3.Bg2 c6 4.c4 g6 5.O-O Bg7 6.cxd5 cxd5 7.Nc3 O-O 8.d4 Ne4
9.Nxe4 dxe4 10.Ng5 Qxd4 11.Qxd4 Bxd4 12.Nxe4 Nc6 13.Nc3 Be6 14.Rd1 Rfd8 15.Bf4
Rac8 16.Rd2 Bxc3 17.bxc3 Rxd2 18.Bxd2 Na5 19.Be3 b6 20.Bd4 Rc4 21.Be5 Ra4
22.Rd1 f6 23.Bb8 Nc4 24.Ra1 Ra3 25.Be4 Ne5 26.Rd1 Rxa2 27.Bxe5 fxe5 28.Bd5
Bxd5 29.Rxd5 Kf7 30.Rxe5 Rc2 31.Re3 a5 32.f4 a4 33.Kf2 Rc1 {#R} 0-1

[Event "Bundesliga 2011/12 (w)"]
[Site "Germany"]
[Date "2012.02.11"]
[Round "8"]
[White "Schulz Anja (GER)"]
[Black "Gromova Iulia (RUS)"]
[Result "0-1"]
[WhiteElo "1819"]
[BlackElo "2231"]

1.Nf3 Nf6 2.g3 g6 3.c4 Bg7 4.Nc3 c6 5.d4 d5 6.cxd5 cxd5 7.Bg2 O-O 8.O-O Nc6
9.Bf4 Bf5 10.Qc1 Qb6 11.Na4 Qb4 12.Qd1 b5 13.Rc1 Rac8 14.Nc5 Qxb2 15.Qb3 Qxb3
16.axb3 Ne4 17.Rfd1 b4 18.Ne5 Nc3 19.Nxc6 Rxc6 20.Re1 Bxd4 21.e4 Bg4 22.exd5
Rxc5 23.Kf1 Rfc8 24.Rxe7 Nxd5 25.Bxd5 Rxc1+ 26.Bxc1 Rxc1+ 27.Kg2 Be6 {#R} 0-1

[Event "It \"]
[Site "Neustadt a.d. Weinstrasse (Germany)"]
[Date "2012.02.17"]
[Round "1"]
[White "Schulze Ulrich (GER)"]
[Black "Weller Karl (GER)"]
[Result "1-0"]
[WhiteElo "2331"]
[BlackElo "2030"]

1.d4 Nf6 2.Nf3 g6 3.g3 Bg7 4.Bg2 d5 5.c4 c6 6.cxd5 cxd5 7.Nc3 O-O 8.Ne5 e6
9.O-O Nfd7 10.f4 Nc6 11.Be3 Qb6 12.Qd2 Qb4 13.Nxc6 bxc6 14.Nxd5 Qxd2 15.Ne7+
Kh8 16.Bxd2 Bxd4+ 17.Kh1 Bb7 18.Nxc6 Bxc6 19.Bxc6 Rad8 20.Rad1 Nb8 21.Bb5 Bxb2
22.Be3 Rxd1 23.Rxd1 a6 24.Ba4 Rc8 25.Rb1 Bf6 26.Rb7 Kg8 27.Kg2 Nc6 28.Rb6 Nb8
29.Kf3 Bd8 30.Rb7 Nc6 31.Bxc6 Rxc6 32.Rb8 {#r} 1-0

[Event "Ch Czech Republic (juniors) (under 16)"]
[Site "Kouty nad Desnou (Czech Republic)"]
[Date "2012.03.13"]
[Round "5"]
[White "Skalicky Tomas"]
[Black "Cap Adam"]
[Result "0-1"]
[WhiteElo "1913"]
[BlackElo "2028"]

1.Nf3 Nf6 2.g3 g6 3.Bg2 Bg7 4.O-O O-O 5.c4 c6 6.Nc3 d5 7.cxd5 cxd5 8.d4 Nc6
9.Ne5 Bf5 10.Be3 Ne4 11.Nxc6 bxc6 12.Nxe4 Bxe4 13.Bxe4 dxe4 14.Qc2 Qd5 15.Rfd1
Rfd8 16.b3 h5 17.h4 Rac8 18.Rac1 Qe6 19.Kg2 Rd5 20.Qc4 Qd7 21.Qa4 e5 22.Rc4
exd4 23.Bxd4 Rd8 24.Bxg7 Rxd1 25.Bf6 Re8 {#R} 0-1

[Event "Ch Europe"]
[Site "Plovdiv (Bulgaria)"]
[Date "2012.03.20"]
[Round "1"]
[White "Kuzubov Yuriy (UKR)"]
[Black "Balla Tamas (ROM)"]
[Result "1-0"]
[WhiteElo "2616"]
[BlackElo "2377"]

1.d4 Nf6 2.g3 d5 3.Bg2 g6 4.c4 c6 5.cxd5 cxd5 6.Nf3 Bg7 7.O-O O-O 8.Ne5 Ng4
9.f4 Nc6 10.Nc3 Ngxe5 11.fxe5 e6 12.e4 dxe4 13.Be3 f5 14.exf6 Bxf6 15.Rxf6
Qxf6 16.Nxe4 Qd8 17.Rc1 Rf5 18.g4 Rd5 19.Qf3 Bd7 20.Nf6+ Kg7 21.Rf1 Qe7
22.Bh6+ Kxh6 23.Qh3+ Rh5 24.gxh5 g5 25.Qe3 {#r} 1-0

[Event "Ch Europe"]
[Site "Plovdiv (Bulgaria)"]
[Date "2012.03.22"]
[Round "3"]
[White "Brunello Sabino (ITA)"]
[Black "Vachier-Lagrave Maxime (FRA)"]
[Result "0-1"]
[WhiteElo "2581"]
[BlackElo "2699"]

1.d4 Nf6 2.c4 g6 3.g3 c6 4.Nf3 Bg7 5.Bg2 d5 6.cxd5 cxd5 7.O-O O-O 8.Ne5 Ng4
9.f4 Nc6 10.Nc3 Ngxe5 11.fxe5 Be6 12.e3 f6 13.exf6 Bxf6 14.Bd2 Qd7 15.Qe2 Bg5
16.Rxf8+ Rxf8 17.Rf1 Rxf1+ 18.Kxf1 Bf7 19.h4 Bh6 20.Ke1 e5 21.dxe5 Bg7 22.Kd1
Bxe5 23.Qf3 Be6 24.Kc1 Nb4 25.a3 Nd3+ 26.Kb1 Nc5 27.g4 Ne4 {#R} 0-1

[Event "Tournament (universities) (under 27)"]
[Site "Bucaramanga (Colombia)"]
[Date "2012.03.30"]
[Round "2"]
[White "Aguero Luis Lazaro (CUB)"]
[Black "Bejarano U Danny Andres"]
[Result "1-0"]
[WhiteElo "2434"]
[BlackElo "1988"]

1.Nf3 Nf6 2.c4 c6 3.g3 g6 4.Bg2 Bg7 5.O-O O-O 6.d4 d5 7.cxd5 cxd5 8.Ne5 Nc6
9.Nc3 e6 10.f4 Nd7 11.Be3 Ne7 12.Bf2 b6 13.e4 Nf6 14.Qb3 Bb7 15.exd5 Nfxd5
16.Rfe1 Rc8 17.Ne4 Nf5 18.a4 Nde7 19.Rad1 Bd5 20.Qa3 h5 21.h3 Nc6 22.g4 hxg4
23.hxg4 Nh6 24.Qh3 Qe7 25.Bh4 Qb4 26.Nf6+ Kh8 27.Nxd5 exd5 28.Nxc6 Rxc6 29.Be7
{#r} 1-0

[Event "Ch World (schools) (under 13)"]
[Site "Iasi (Romania)"]
[Date "2012.05.04"]
[Round "7"]
[White "Cori Kevin"]
[Black "Tifferet Shaked"]
[Result "0-1"]
[WhiteElo "1932"]
[BlackElo "1768"]

1.d4 Nf6 2.c4 g6 3.g3 Bg7 4.Bg2 O-O 5.Nf3 c6 6.O-O d5 7.cxd5 cxd5 8.Nc3 Nc6
9.Bf4 Bg4 10.Ne5 Be6 11.Rc1 Nh5 12.Nxc6 bxc6 13.Be3 Rc8 14.Na4 Nf6 15.Nc5 Bf5
16.Bd2 Nd7 17.e3 e5 18.Bb4 Re8 19.Qd2 Nxc5 20.Bxc5 Qd7 21.Rfe1 e4 22.Rc2 g5
23.Rc3 Re6 24.f3 h5 25.f4 gxf4 26.gxf4 Rg6 27.Kh1 h4 28.Qf2 Bg4 29.Qxh4 Bf6
30.Qf2 Qf5 31.Rg1 Qh5 32.Rc2 Qh4 33.Qf1 Kg7 {#R} 0-1

[Event "Tournament (Elo) (a)"]
[Site "Budapest (Hungary)"]
[Date "2012.05.12"]
[Round "8"]
[White "Havaskori Laszlo (HUN)"]
[Black "Koczo Kristof (HUN)"]
[Result "0-1"]
[WhiteElo "1977"]
[BlackElo "2138"]

1.d4 d5 2.Nf3 Nf6 3.c4 c6 4.g3 g6 5.Bg2 Bg7 6.cxd5 cxd5 7.O-O O-O 8.Nc3 Nc6
9.a3 Ne4 10.h3 Bf5 11.g4 Nxc3 12.bxc3 Be4 13.a4 Rc8 14.Ba3 Na5 15.Bb4 Nc4
16.Nd2 Bxg2 17.Kxg2 Qd7 18.Nxc4 Rxc4 19.Qd3 Rfc8 20.f4 Bxd4 21.cxd4 Rxb4 22.f5
Rcc4 23.fxg6 hxg6 24.Rf4 e5 25.Rf6 Rxd4 26.Qg3 Rxg4 {#R} 0-1

[Event "Ch City (open)"]
[Site "Frankfurt (Germany)"]
[Date "2012.06.04"]
[Round "5"]
[White "Reuter Klaus (GER)"]
[Black "Balzereit Georg"]
[Result "0-1"]
[WhiteElo "1644"]
[BlackElo "1607"]

1.d4 Nf6 2.c4 g6 3.g3 c6 4.Nf3 Bg7 5.Bg2 d5 6.O-O O-O 7.cxd5 cxd5 8.Nc3 Nc6
9.Bf4 Nh5 10.Qd2 Nxf4 11.Qxf4 f6 12.Rac1 e5 13.Qd2 e4 14.Ne1 f5 15.e3 Be6
16.Ne2 Rc8 17.Nf4 Bf7 18.f3 Qb6 19.fxe4 dxe4 20.b3 Nb4 21.Rxc8 Rxc8 22.a3 Nd5
23.Nxd5 Bxd5 24.b4 Qc6 25.Rf2 Qc1 26.Bf1 Qxa3 27.Nc2 Qc3 28.Be2 {#R} 0-1

[Event "It (open)"]
[Site "Bad Godesberg (Germany)"]
[Date "2012.07.07"]
[Round "1"]
[White "Rotstein Efim (GER)"]
[Black "Gerhards Bernd (GER)"]
[Result "1-0"]
[WhiteElo "2320"]
[BlackElo "1797"]

1.d4 Nf6 2.Nf3 g6 3.g3 d5 4.Bg2 Bg7 5.O-O O-O 6.c4 c6 7.cxd5 cxd5 8.Nc3 Bf5
9.Qb3 b6 10.Ne5 e6 11.h3 h5 12.Bg5 Nbd7 13.g4 hxg4 14.hxg4 Qc7 15.Nb5 Qb8
16.Nc6 Qb7 17.Ne7+ Kh8 18.gxf5 gxf5 19.Rac1 Nc5 20.Qh3+ Nh7 21.dxc5 bxc5
22.Rxc5 Qb6 23.Rfc1 a6 24.Nc7 Rab8 25.b3 Bd4 26.e3 Bg7 27.Rc6 Qb4 28.Nxe6 fxe6
29.Ng6+ Kg8 30.Be7 Qd2 31.Nxf8 Nxf8 32.Qg3 Qb2 33.Qxb8 {#r} 1-0

[Event "Memorial L.Polugaevsky (open)"]
[Site "Samara (Russia)"]
[Date "2012.07.10"]
[Round "6"]
[White "Chekletsov Egor (RUS)"]
[Black "Bogolepov Grigory (RUS)"]
[Result "1-0"]
[WhiteElo "1917"]
[BlackElo "1614"]

1.d4 d5 2.c4 c6 3.cxd5 cxd5 4.Nc3 Nf6 5.Nf3 g6 6.g3 Bg7 7.Bg2 O-O 8.O-O Nc6
9.Ne5 Be6 10.e3 h5 11.Nd3 Qc8 12.Nf4 Rd8 13.Bd2 Qd7 14.Rc1 Rac8 15.a3 b6 16.b4
Bh6 17.Kh1 Bxf4 18.gxf4 Bh3 19.Rg1 Bxg2+ 20.Rxg2 Kh7 21.Qf3 Rg8 22.Rcg1 Qf5
23.Rg5 Qc2 24.Nxd5 Qxd2 25.Nxf6+ exf6 26.Qxh5+ Kg7 27.Rxg6+ fxg6 28.Qxg6+ Kf8
29.Qxg8+ Ke7 30.Qxc8 {#r} 1-0

[Event "It (open) \"]
[Site "Barcelona (Spain)"]
[Date "2012.07.16"]
[Round "4"]
[White "Beltran Rueda Santiago (ESP)"]
[Black "Anurag Mhamal (IND)"]
[Result "1-0"]
[WhiteElo "2383"]
[BlackElo "2301"]

1.Nf3 d5 2.g3 g6 3.Bg2 Bg7 4.c4 c6 5.cxd5 cxd5 6.d4 Nf6 7.O-O O-O 8.Nc3 Nc6
9.Ne5 Bf5 10.Nxc6 bxc6 11.Bf4 Nh5 12.Be3 e5 13.dxe5 Bxe5 14.Bd4 Qf6 15.Bxe5
Qxe5 16.e3 Rab8 17.g4 Rxb2 18.Rc1 Rb4 19.gxf5 Rh4 20.h3 gxf5 21.Ne2 Kh8 22.Nd4
Rg8 23.Nf3 Rxg2+ 24.Kxg2 Qg7+ 25.Kh2 {#r} 1-0

[Event "Ch Austria"]
[Site "Zwettl (Austria)"]
[Date "2012.07.23"]
[Round "3"]
[White "Froewis Georg (AUT)"]
[Black "Poetz Florian (AUT)"]
[Result "1-0"]
[WhiteElo "2366"]
[BlackElo "2415"]

1.Nf3 c5 2.g3 Nc6 3.Bg2 g6 4.c3 e5 5.d4 cxd4 6.cxd4 e4 7.Ne5 d5 8.f3 exf3
9.Bxf3 Nxe5 10.dxe5 Ne7 11.Nc3 Be6 12.Bg5 Bg7 13.Qa4+ Kf8 14.Rd1 h6 15.Bxd5
hxg5 16.Bxe6 Qb6 17.Rd6 Qe3 18.Rf1 Nf5 19.Qb4 {#r} 1-0

[Event "Ch City (open)"]
[Site "Gdansk (Poland)"]
[Date "2012.07.24"]
[Round "4"]
[White "Bieszk Stanislaw (POL)"]
[Black "Dobrowolski Henryk (POL)"]
[Result "1-0"]
[WhiteElo "1700"]
[BlackElo "1883"]

1.c4 Nf6 2.Nc3 g6 3.g3 Bg7 4.Bg2 O-O 5.Nf3 c6 6.O-O d5 7.cxd5 cxd5 8.d4 Nc6
9.Re1 e6 10.Bf4 Nh5 11.Ne5 Nxf4 12.gxf4 Ne7 13.e3 f6 14.Nd3 b6 15.b4 Bd7
16.Rc1 Rc8 17.Qb3 Kh8 18.Rc2 Nf5 19.Rec1 Qe7 20.b5 Nd6 21.Qa3 Ra8 22.e4 dxe4
23.Nxe4 Nf5 24.Qxe7 Nxe7 25.Nd6 Nd5 26.Bxd5 exd5 27.Rc7 Be6 28.Re7 Bf5 29.Rcc7
Bxd3 30.Rxg7 g5 31.f5 Bxf5 32.Nxf5 {#r} 1-0

[Event "Ch Portugal (team) (1 div)"]
[Site "Matosinhos (Portugal)"]
[Date "2012.07.27"]
[Round "7"]
[White "Vassallo Mauricio (ESP)"]
[Black "Neves Pedro (POR)"]
[Result "1-0"]
[WhiteElo "2433"]
[BlackElo "2244"]

1.d4 Nf6 2.Nf3 g6 3.g3 Bg7 4.Bg2 O-O 5.O-O c6 6.c4 d5 7.cxd5 cxd5 8.Ne5 Nc6
9.Nc3 Nd7 10.Nxd5 Ndxe5 11.dxe5 Nxe5 12.Bg5 Nc6 13.Rc1 Be6 14.a3 Qa5 15.Bd2
Qd8 16.Bc3 Bxc3 17.Rxc3 Bxd5 18.Bxd5 Qb6 19.Bxc6 bxc6 20.Qc2 Rab8 21.b4 Rfc8
22.Rc5 Ra8 23.Qc3 a5 24.b5 a4 25.Rc1 Ra5 26.Rxc6 Rxc6 27.bxc6 Qc7 28.Qxa5 {#r}
1-0

[Event "Ch Croatia (juniors) (under 17) (g)"]
[Site "Topusko (Croatia)"]
[Date "2012.07.27"]
[Round "7"]
[White "Rozic Lucija"]
[Black "Turk Tajana (CRO)"]
[Result "0-1"]
[WhiteElo "1614"]
[BlackElo "1923"]

1.c4 Nf6 2.Nf3 g6 3.g3 Bg7 4.Bg2 O-O 5.Nc3 c6 6.d4 d5 7.cxd5 cxd5 8.O-O Nc6
9.Bg5 Ne4 10.Bf4 Qa5 11.Qd3 Bf5 12.Qb5 Nxc3 13.Qxa5 Nxe2+ 14.Kh1 Nxa5 15.Be3
Nc6 16.Rad1 Be4 17.Ne5 Bxg2+ 18.Kxg2 Nexd4 19.Nxc6 Nxc6 20.Rxd5 Rad8 21.Rb5
Rd7 22.a3 Rfd8 23.Rc1 a6 24.Rb3 Bd4 25.Bh6 Na5 26.Rd3 f6 27.Rcd1 e5 28.f4 Nc4
29.fxe5 Nxe5 30.Rb3 g5 31.h4 Ng4 {#R} 0-1

[Event "It \"]
[Site "Vancouver (USA)"]
[Date "2012.08.05"]
[Round "2"]
[White "Leslie Cameron D (USA)"]
[Black "Raptis Nick (USA)"]
[Result "0-1"]
[WhiteElo "1871"]
[BlackElo "2268"]

1.d4 Nf6 2.c4 g6 3.Nc3 Bg7 4.Nf3 O-O 5.g3 c6 6.Bg2 d5 7.cxd5 cxd5 8.O-O Nc6
9.Ne5 e6 10.Nxc6 bxc6 11.b3 Qe7 12.Bb2 Rd8 13.Na4 Bd7 14.Nc5 Be8 15.Rc1 Nd7
16.Nd3 Rdc8 17.Rc2 a5 18.Qc1 Qd6 19.e4 Nb6 20.e5 Qd8 21.Nc5 Rcb8 22.Rd1 a4
23.b4 a3 24.Bxa3 Nc4 25.Rd3 Nxa3 26.Rxa3 Rxb4 27.Rxa8 Qxa8 28.Rb2 Rxd4 29.Qe3
Rc4 30.Nb7 Qb8 31.f4 Bf8 32.Qd2 Qa7+ 33.Kf1 Rd4 34.Qc2 c5 {#R} 0-1

[Event "It (open) (under 2350)"]
[Site "Krakow (Poland)"]
[Date "2012.08.12"]
[Round "5"]
[White "Forlano Luigi (ITA)"]
[Black "Kempinski Tomasz (POL)"]
[Result "0-1"]
[WhiteElo "1958"]
[BlackElo "2204"]

1.Nf3 Nf6 2.g3 g6 3.Bg2 Bg7 4.O-O O-O 5.d4 d5 6.c4 c6 7.cxd5 cxd5 8.Nc3 Nc6
9.Ne5 Be6 10.Nxc6 bxc6 11.Na4 Bf5 12.Bf4 Nd7 13.Rc1 Rc8 14.Qd2 Re8 15.Bg5 Nb6
16.Nc5 Nc4 17.Qc3 h6 18.e4 hxg5 19.exf5 gxf5 20.b3 Nd6 21.Qd3 e6 22.a4 Qf6
{#R} 0-1

[Event "It (open)"]
[Site "Stare Mesto (Czech Republic)"]
[Date "2012.08.12"]
[Round "3"]
[White "Certek Pavel (SVK)"]
[Black "Zakoucka Adela (CZE)"]
[Result "1-0"]
[WhiteElo "2321"]
[BlackElo "2015"]

1.d4 Nf6 2.Nf3 g6 3.g3 Bg7 4.Bg2 c6 5.O-O d5 6.c4 O-O 7.cxd5 cxd5 8.Nc3 Ne4
9.Ng5 Nxc3 10.bxc3 h6 11.Nh3 Nc6 12.Nf4 e6 13.Rb1 Qd7 14.e4 dxe4 15.Bxe4 b6
16.d5 exd5 17.Nxd5 f5 18.Bg2 Rd8 19.Bxh6 Bb7 20.Bg5 Qf7 21.Bxd8 Rxd8 22.c4 Ne5
23.Qb3 Nxc4 24.Qxc4 Bxd5 25.Bxd5 Qxd5 26.Rbc1 Qxc4 27.Rxc4 Rd7 28.Rfc1 Kf7
29.Rc7 Ke7 30.R1c6 Rxc7 31.Rxc7+ Kf6 32.Rxa7 Bh6 33.Ra6 {#r} 1-0

[Event "It (open)"]
[Site "Brasschaat (Belgium)"]
[Date "2012.08.19"]
[Round "2"]
[White "Mirumian Vigen (CZE)"]
[Black "Wijgers Toon (BEL)"]
[Result "1-0"]
[WhiteElo "2521"]
[BlackElo "1928"]

1.Nf3 c5 2.g3 Nc6 3.Bg2 g6 4.c3 Bg7 5.d4 cxd4 6.cxd4 d5 7.Nc3 Bg4 8.O-O e6
9.Ne5 Bf5 10.Nxc6 bxc6 11.h3 e5 12.dxe5 Bxe5 13.e4 dxe4 14.Qa4 Ne7 15.Bh6 Qb6
16.Rad1 Bd7 17.Nxe4 O-O-O 18.Be3 c5 19.Rxd7 Rxd7 20.Nxc5 Rc7 21.Na6 Qf6
22.Nxc7 Bxc7 23.Rc1 {#r} 1-0

[Event "It (open)"]
[Site "Schwarzach (Austria)"]
[Date "2012.08.19"]
[Round "2"]
[White "Bukal Vladimir Jr (CRO)"]
[Black "Stephan Axel (GER)"]
[Result "1-0"]
[WhiteElo "2418"]
[BlackElo "2188"]

1.d4 Nf6 2.c4 g6 3.g3 c6 4.Bg2 d5 5.cxd5 cxd5 6.Nc3 Bg7 7.Nf3 O-O 8.Ne5 e6
9.O-O Nfd7 10.Nf3 Nc6 11.e4 dxe4 12.Nxe4 Qb6 13.Qe2 Nxd4 14.Nxd4 Qxd4 15.Rd1
Qe5 16.Rb1 Qc7 17.Bf4 e5 18.Bg5 f6 19.Rbc1 Qa5 20.Qc4+ Kh8 21.Bd2 Qd8 22.Bb4
{#r} 1-0

[Event "It \"]
[Site "Crawley (England)"]
[Date "2012.08.22"]
[Round "8"]
[White "Campbell Eoin (SCO)"]
[Black "Arby Timothee (FRA)"]
[Result "0-1"]
[WhiteElo "1855"]
[BlackElo "1882"]

1.Nf3 Nf6 2.c4 g6 3.g3 Bg7 4.Bg2 O-O 5.O-O c6 6.d4 d5 7.cxd5 cxd5 8.Nc3 Nc6
9.Ne5 e6 10.f4 Nd7 11.Be3 f6 12.Nf3 Nb6 13.Bf2 Bd7 14.e3 Rc8 15.Rc1 Qe7 16.g4
e5 17.g5 exf4 18.exf4 Bg4 19.Qe1 Bxf3 20.Bxf3 fxg5 21.Nxd5 Qxe1 22.Rfxe1 Nxd4
23.Ne7+ Kh8 24.Nxc8 Nxf3+ 25.Kf1 Nxc8 26.Red1 Nxh2+ 27.Kg1 Nf3+ 28.Kg2 g4
29.Rd7 Nb6 30.Rxb7 Nd5 31.Bg3 h5 32.Rd7 Ne3+ 33.Kf2 Nf5 34.Rxa7 Bd4+ {#R} 0-1

[Event "Ch State New York"]
[Site "Colonie (USA)"]
[Date "2012.09.01"]
[Round "2"]
[White "Wisbauer Robert K (USA)"]
[Black "Busygin Stanislav (USA)"]
[Result "0-1"]
[WhiteElo "2044"]
[BlackElo "2080"]

1.Nf3 Nf6 2.c4 g6 3.g3 Bg7 4.Bg2 O-O 5.O-O c6 6.Nc3 d5 7.cxd5 cxd5 8.d4 Nc6
9.Bf4 Ne4 10.Rc1 Qa5 11.a3 Rd8 12.Ne5 Nxe5 13.Bxe5 Bxe5 14.dxe5 Be6 15.Qd4
Nxc3 16.Rxc3 Rac8 17.Rfc1 Rc4 18.Rxc4 dxc4 19.Qf4 Qb5 20.Be4 Qxb2 21.Rb1 Qxe2
22.Rxb7 Bh3 {#R} 0-1

[Event "It (open) \"]
[Site "Nuernberg (Germany)"]
[Date "2012.09.07"]
[Round "2"]
[White "Donchenko Anatoly G (GER)"]
[Black "Seibold Hubert Dr (GER)"]
[Result "1-0"]
[WhiteElo "2367"]
[BlackElo "2195"]

1.d4 Nf6 2.Nf3 g6 3.g3 Bg7 4.Bg2 O-O 5.O-O d5 6.c4 c6 7.cxd5 cxd5 8.Nc3 Nc6
9.Ne5 Nxe5 10.dxe5 Ng4 11.Nxd5 Nxe5 12.Bg5 Nc6 13.Rc1 h6 14.Nxe7+ Nxe7 15.Qxd8
Rxd8 16.Bxe7 Re8 17.Ba3 Rxe2 18.Rfd1 Be6 19.Bxb7 Rb8 20.Bf3 Re5 21.Bd6 Rxb2
22.Bxe5 Bxe5 23.Rc5 Bf6 24.Bd5 Be7 25.Rc7 Bd8 26.Rxa7 Bb6 27.Ra8+ Kg7 28.Bxe6
Rxf2 29.Kh1 fxe6 30.Rd7+ Kf6 {#r} 1-0